01043nam a22002654aa4500003000800000005001700008008004100025040003000066041000800096044000700104082001800111100004000129100001000169245019600179260002500375300004300400500003600443502018000479650002100659653001900680653001400699653001200713653001600725700003600741BOFEUTO20260512152417.0260504t2025 bo gr 000 f spa d 6BOFEUTOaBOFEUTOcBOFEUTO aspa abo aTE6299bM113e aMachicado Narváez, Anahí Andrea eautor aEstrategias de neuromarketing para mejorar la atención de los pacientes de la Clínica Dental Titanium de la ciudad de Oruro. /cAnahí Andrea Machicado Narváez, César Choque García aOruro :bs/n,c2025. a98 hojas ;bgráf, ilus. ;c28.5 cm . aIncluye bibliografía, anexos. aTesis Dirigida, (Licenciatura) -- Universidad Técnica de Oruro, Facultad de Ciencias Económicas, Financieras y Administrativas, Carrera Administración de Empresas, 2025. aAdministración aNeuromarketing aServicios aCalidad aEstrategias aChoque García, Césaretutor